000 00297nam a22001337a 4500
008 170623b xxu||||| |||| 00| 0 eng d
020 _a9780130845146
041 _aeng
080 _a32
100 _a21
101 _aSHP
245 _aCIVIL RIGHTS AND LIBERTIES
_cSULLIVAN,H,J
942 _2udc
_cBK
999 _c18934
_d18934